[Event "Corus"]
[Site "Wijk aan Zee"]
[Date "2005.01.17"]
[Round "3"]
[White "Sokolov, Ivan"]
[Black "Ponomariov, Ruslan"]
[Result "0-1"]
[WhiteElo "2685"]
[BlackElo "2700"]
[Annotator "Golod,V"]
[PlyCount "122"]
[EventDate "2005.01.15"]
[EventType "tourn"]
[EventRounds "13"]
[EventCountry "NED"]
[EventCategory "19"]
[SourceTitle "CBM 105"]
[Source "ChessBase"]
[SourceDate "2005.04.11"]
[SourceVersion "1"]
[SourceVersionDate "2005.04.11"]
[SourceQuality "1"]

1. d4 Nf6 2. c4 e6 3. Nc3 Bb4 4. Qc2 O-O 5. a3 Bxc3+ 6. Qxc3 b6 7. Bg5 Bb7 8.
e3 d6 9. Ne2 Nbd7 10. Qc2 ({Nowadays,more popular is:} 10. Qd3 {You can see my
annotations to Rowson,J-Beliavsky,A/Mallorca,2004/CBM 104(0-1)(51)}) 10... c5 (
{It deserves serious attention:} 10... h6 $5 11. Bh4 $140 c5 $13 {For further
details you can see my comments to game: Kacheishvili,G-Polgar,J/Batumi,1999/
CBM 74(0-1)(33)}) 11. Rd1 {Besides twice were checked up in previous games:} (
11. Nc3 cxd4 12. exd4 Qc7 13. Bd3 Rac8 (13... h6 $5 14. Bh4 Rfc8 15. O-O d5 16.
Bg3 Qc6 17. cxd5 Nxd5 18. Be4 N7f6 19. Nxd5 Qxc2 20. Nxf6+ gxf6 21. Bxc2 Rxc2
22. b4 Rd8 $15 {1/2-1/2 Sokolov,I-Timman,J/Amsterdam,1996}) 14. O-O Ba6 $1 15.
Qa4 (15. Rfc1 $5 Bxc4 $140 16. Nd1 $11 Qb8 17. Bxc4 d5 18. b3 b5 $15) 15...
Bxc4 16. Nb5 Bxb5 17. Bxb5 $44 {Ivanchuk,V-Topalov,V/Linares,1999/Inf 75/474(1/
2-1/2)(Ivanchuk,V)(60)}) 11... Qc7 $5 {I think,that Ruslan Ponomariov has
prepared this continuation directly ahead of this meeting,as he was familiar
with the following game:} (11... cxd4 $5 12. Rxd4 Qc7 13. Nc3 a6 14. Qd1 d5 15.
cxd5 Nxd5 16. Nxd5 Bxd5 17. e4 Bc6 18. Be7 Rfc8 19. Bd6 Qb7 20. f3 e5 21. Rd2
b5 $11 {Sokolov,I-Stefansson,H/Calvia,2004(1/2-1/2)(32)}) 12. Nc3 a6 13. d5
$146 {White block a /^a8-h1 with idea to finish development: Be2 and 0-0.} ({
The same position,with rearrangement of moves,has met in one more game:} 13.
Be2 $6 h6 $1 (13... Bxg2 14. Rg1 $44) 14. Bh4 $6 (14. Bxf6 Nxf6 15. O-O $11)
14... Bxg2 15. Rg1 Bb7 16. d5 Rfe8 $15 {Lafuente,P-Garcia Martinez,S/Havana,
2004(0-1)(24)}) 13... exd5 {It's the most logical reaction to novelty of White.
Black is obliged to prepare "b5",differently they will not receive a
counterplay.} 14. cxd5 ({Hardly it was better:} 14. Nxd5 Nxd5 15. cxd5 Rfe8 {
/\Re5 with easy and comfortable game.}) 14... b5 $132 15. Bd3 ({It was weakly:
} 15. Be2 $2 {in view of:} b4 {קd5}) ({Is more interesting alternative:} 15.
e4 $5 b4 (15... Rfe8 $144 16. f3) 16. Ne2 Rfe8 17. f3 Qb6 $13) 15... b4 16.
axb4 cxb4 17. Ne2 $6 {The pleased doubtful decision.After this move,Ivan
Sokolov already can not equalize a position.} (17. Ne4 $5 Qxc2 18. Bxc2 (18.
Nxf6+ $4 gxf6 19. Bxc2 fxg5 $19) 18... Rac8 (18... Rfc8 $5) 19. Bd3 Nxe4 20.
Bxe4 f5 21. Bb1 Rf7 (21... Nb6 $6 22. Be7 Rf7 23. Bxd6 Bxd5 24. Bxb4 Bxg2 25.
Rg1 $11) 22. f3 Nb6 23. e4 fxe4 24. Bxe4 Re8 25. O-O Re5 26. Bd2 $11) 17...
Qxc2 18. Bxc2 Bxd5 {Black lose of the pawn,but get rid of weakness :)} ({
There is no sense to worsen an coordination of the pieces:} 18... Nxd5 $6 19.
Be4 N7b6 20. Bf3 (20. Nf4 $4 Nxe3 $1 21. Bxb7 (21. Rxd6 Bxe4 22. fxe3 Rfc8 23.
O-O Nc4 $19) 21... Nxd1 22. Bxa8 Nxb2 $1 $19 {[%csl Ra8,Rf4,Rg5][%cal Gh7h6]})
20... Rfe8 21. Rd4 $44) 19. O-O ({Leads to favourable simplifications for
Black:} 19. Bf5 h6 20. Bxf6 Nxf6 21. Nf4 Bb3 22. Rxd6 Rfd8 $15) 19... Rfc8 20.
Nd4 {White try to make active his pieces.} ({A little prematurely:} 20. Bf5 Be6
21. Bb1 (21. Bxe6 $143 fxe6 22. Rxd6 Rc2 23. Nd4 Rxb2 24. Nxe6 a5 $17) 21... d5
22. Nd4 {=/+/-/+}) 20... a5 $15 21. Bf5 ({I do not think that it was much
better:} 21. Ra1 Rc5 22. Bh4 (22. Bf4 $143 Ne5) 22... h6 23. Rfd1 $15) 21...
Rc5 22. Bxd7 $1 {White had no other worthy alternative.} Nxd7 23. Be7 Ra6 24.
Rfe1 $1 {White have created threat: 25.e4 Bb7 26.Nf5 (קd6)} (24. Nf5 $2 {
is refuted by:} Bc4 {[%csl Rf1,Rf5]}) (24. Ne2 $6 a4 {/\a3}) 24... Be4 {
Black prevent a threat of White and,at the same time,translate his B on the
important /^b1-h7.} (24... f5 $2 25. Nxf5 $1 Bb3 $140 26. Rxd6 Rxd6 27. Nxd6
Rc2 28. Nb7 a4 29. Bxb4 Rxb2 $44) ({In this position I would accept the
following decision:} 24... g6 $5 25. e4 $140 Ba8 26. f3 a4 {=/+/-/+}) 25. f3
Bg6 26. e4 $6 {White had a uneasy choice,and he did not manage to find the
best continuation:} (26. Ne2 $1 {קd6} Rcc6 (26... Rc2 $143 27. Bxd6 Rxb2 28.
Bxb4 $1 (28. Be5 $2 Rb1 $1 $19) 28... axb4 29. Rxd7 h6 30. e4 $15) 27. Nd4 Rcb6
28. Rc1 $44 {<->c}) 26... f6 27. Ne2 $6 {Now white's bishop is in the large
danger.} ({It was necessary:} 27. Nf5 Bxf5 (27... Rc2 $2 28. Bxd6 Rxb2 29. Bxb4
axb4 30. Rxd7 Bxf5 31. exf5 $132 {[%csl Gd7,Ge1,Rg8]}) 28. exf5 (28. Bxd6 $4
Rcc6 $19) 28... Rxf5 29. Bxd6 Ne5 {=/+/-/+}) 27... Rcc6 {/\Kf7(ץe7)} 28. Nd4
Rcb6 $17 29. Bd8 $4 {Painful blunder leading to immediate loss.} (29. Rc1 Nc5
30. Red1 a4 $140 31. Bxd6 Rxd6 32. Rxc5 a3 $17) 29... Rb7 $2 {Ruslan
Ponomariov missed an excellent opportunity to receive a material advantage:} (
29... Rb8 $1 30. Bxa5 $140 (30. Ne6 Kf7 31. Bc7 Rc8 $19) (30. Bc7 Rb7 31. Rc1 (
31. Bd8 Nc5 {/\Rd7 -+}) 31... Nc5 32. Bd8 (32. Bxd6 Rxd6 33. Rxc5 Rxd4) 32...
Rd7 $19) 30... Nc5 $1 (30... Rxa5 $4 31. Nc6 Ra2 32. Nxb8 Nxb8 33. Rxd6 Na6 34.
Rc1 $13) 31. Bc7 Rb7 32. Bd8 Rd7 33. Bxf6 gxf6 $19) 30. Ne6 Bf7 (30... Ra8 $6
31. Be7 Re8 $140 (31... a4 $5 32. Bxd6 a3 $15) 32. Nd8 $1 {By such original
way,it is possible to protect of Be7.} Rb6 33. Bxd6 $1 Rxd8 (33... Rxd6 $143
34. Rxd6 Rxd8 35. Red1 Be8 36. Ra6 $11) 34. Bc7 Rc8 35. Rxd7 Rb7 36. Rd8+ Rxd8
37. Bxd8 a4 38. Ra1 Be8 $15) 31. Nc7 Raa7 32. Rxd6 $8 ({Immediately loses a
game the following move:} 32. Nd5 $2 {because of:} Ra8 33. Ne7+ (33. Be7 $2 Ne5
34. Bxd6 Nc4 $19) 33... Kf8 34. Nc6 Ne5 35. Nxe5 (35. Nxa5 $143 Rd7 36. Bb6 Ra6
37. f4 Ng6 $19) 35... dxe5 36. Rd6 a4 $19) 32... Rxc7 33. Bxc7 Rxc7 34. Red1 {
Besides White has two acceptable alternatives:} (34. Ra6 $5 Bb3 35. Rxa5 Ne5
$17 {/\Nd3 קb2}) ({and} 34. Ra1 $5 Ra7 (34... Kf8 $5 35. Rxa5 Ne5 $17) 35. Rd4
{/\Rxb4} b3 36. Rda4 Rc7 37. Rxa5 Be6 (37... Rc2 $4 38. Ra8+ Nf8 39. Rd1 {
/\Rdd8(פf8)} g5 40. Rdd8 Rxb2 41. Rxf8+ Kg7 42. Rfb8 $16) 38. Ra7 Rxa7 39.
Rxa7 Nc5 $17) 34... Be8 35. Ra6 Rc5 (35... Rc2 $143 36. b3 $1 (36. Rxa5 Rxb2
37. Rb5 b3 $17) 36... Nc5 $140 37. Rxa5 Nxb3 38. Ra8 Kf7 {=/+/-/+}) 36. Ra7 {
White try to create a counterplay.} Kf8 37. Rd5 {קa2} ({Leads to immediate
disaster:} 37. Raxd7 $2 Bxd7 38. Rxd7 Rc1+ 39. Kf2 Rc2+ 40. Kg3 Rxb2 $19) 37...
Rxd5 {In my opinion,this continuation is better,than:} (37... Rc1+ 38. Kf2 Rc2+
39. Kg3 Rxb2 40. Rdxa5 $17 {[%csl Ga5,Ga7,Rb4,Rf8][%cal Ga7b7]}) 38. exd5 Nb6
39. d6 $5 (39. Rxa5 $143 Ke7 $1 (39... Nc4 $2 40. Ra8 {/\Rb8 קb4} Ke7 (40...
Nxb2 $2 41. d6 Kf7 42. Ra7+ Ke6 43. Re7+ Kxd6 44. Rxe8 $14) 41. Rb8 Nxb2 42.
Rxb4 Nd3 $15) 40. Kf2 Kd6 41. Ra6 Kc5 42. Ra7 Bd7 43. Rb7 g5 $17) 39... a4 40.
Rb7 ({After:} 40. Kf2 $6 {Black can keep Pb:} b3 $17 ({The sacrifice of bishop
did not conduct to the purpose:} 40... Nc4 $2 41. d7 Bxd7 42. Rxd7 Nxb2 43. Ke3
a3 (43... b3 44. Rb7) 44. Kd4 $13)) 40... Nc4 $1 {It's absolutely correct
decision.} 41. Rxb4 $8 ({Previous move of Black,is directed against:} 41. d7 $2
Bxd7 42. Rxd7 Nxb2 {which considerably loses in force,as now white's K can not
help the his rook to stop the pawns of the contender.For example:} 43. Rb7 (43.
Kf2 $143 a3 44. Ra7 Nc4 {/\b3 -+}) 43... Nd3 44. Ra7 Nc5 $1 $19 45. Ra5 (45.
Kf2 $143 b3 46. Ke3 b2 47. Rb7 a3 48. Kd2 a2 $19) 45... b3 46. Rxc5 b2 47. Rb5
a3 48. Kf2 a2 49. Rxb2 a1=Q $19) 41... Nxd6 $17 42. Kf2 ({Now and on the
subsequent moves does not pass:} 42. b3 {in view of:} a3 43. Rb6 Nb5 44. Ra6
Ke7 {[%csl Ga3][%cal Yd7c7,Yc7b7,Ye7d7] with easy win.}) 42... Ke7 43. Ke3 Ke6
{Clearly,that in endgame it's necessary to move the kings in the centre.} 44.
Kd4 Nf5+ 45. Kc5 h5 $1 {Black's idea is: to create additional weakness on the
king side of contender,differently,it will be not simple to win this game.} 46.
Rb6+ Kf7 ({The attempt to escape in the centre from white's rook:} 46... Ke5 {
is senseless:} 47. Rb4 Ke6 48. Rb6+) 47. Rb7+ Kg6 {Black have hidden the king
and now can quietly consolidate his pieces.} 48. Rb4 (48. Rb8 $143 Bf7 {
[%csl Yf7][%cal Yf7b3]}) 48... h4 49. g4 Nh6 $1 {The fixing of pawn "h2" -
perhaps,sole way to struggle for a victory.} (49... hxg3 $6 50. hxg3 {For
White it's certainly favourable to exchange these pawns,than is less pawns-
the less problems for him.} Nxg3 $140 $4 51. Rg4+ Kf5 52. Rxg3 g5 $11) 50. h3
f5 51. Kd4 (51. Rb6+ Kg5 $140 52. Rb4 fxg4 53. fxg4 Ng8 $17 54. Rb7 (54. b3
axb3 (54... a3 $2 55. Rb7 a2 56. Rxg7+ Kf4 57. Ra7 Kg3 58. Rxa2 Kxh3 59. b4 $11
) 55. Rxb3 Nf6 {From my point of view,Black gradually win this endgame.}) 54...
g6 (54... Kg6 $5 55. b4 axb3 56. Rxb3 Nf6 $17) 55. Ra7 Nf6 56. Kd6 $140 $6 Nxg4
$1 57. Ra5+ Kf4 58. Ra8 Bb5 59. Ra5 Bd3 $1 60. Rxa4+ Be4 $19) 51... fxg4 52.
fxg4 Nf7 {[%csl Rh3][%cal Gf7g5]} 53. Rb8 $2 {It was not necessary to make
this intermediate move.It's discrepancy,which allows to improve a position of
the black's bishop.} ({Also it was badly:} 53. Rc4 $2 Ng5 54. Rc3 Bb5 {/\Bf1
קh3 -+}) (53. Rb6+ $142 Kh7 (53... Kg5 $143 54. Ke3 Bd7 55. Ra6 {/\Ra5+}) 54.
b3 $1 (54. Rb8 $2 Bc6 {/\Bg2 קh3}) 54... a3 55. Ra6 Ng5 56. Rxa3 Nxh3 57. Ke3
g5 {with good chances to win.}) 53... Bd7 54. Rb7 {The rather doubtful
decision,but is very difficult to give good advice:} (54. Rb6+ Kg5 55. Rb7 Be6
{/\Bb3}) (54. b3 a3 55. Ra8 Ng5 56. Ra6+ Kh7 57. Rxa3 Nxh3 $19) 54... Be6 55.
Rb6 Kf6 {The black's pieces are consolidated.In the near future,will be lost
the Ph3 ... and together with him all game.} 56. Ra6 Ng5 57. Rxa4 Nxh3 58. b4 (
58. Ke3 g5 {/\Nf4 קg4}) 58... Nf4 59. b5 (59. Ke4 g5 {קg4}) 59... h3 $19 {
The Ph3 is much more dangerous,than Pb5.} 60. Ke3 (60. Ra1 Kg5 61. b6 Bd5 $19)
60... h2 61. Rxf4+ (61. Ra1 Bd5) 61... Kg6 {[%csl Gh2][%cal Ye6d5] The further
resistance is senseless. Despite the mistakes,this game was very interesting
and important for the theory of this variant.} 0-1

[Event "Corus"]
[Site "Wijk aan Zee"]
[Date "2005.01.21"]
[Round "6"]
[White "Anand, Viswanathan"]
[Black "Ponomariov, Ruslan"]
[Result "1-0"]
[WhiteElo "2786"]
[BlackElo "2700"]
[Annotator "Ftacnik,L"]
[PlyCount "123"]
[EventDate "2005.01.15"]
[EventType "tourn"]
[EventRounds "13"]
[EventCountry "NED"]
[EventCategory "19"]
[SourceTitle "CBM 105"]
[Source "ChessBase"]
[SourceDate "2005.04.11"]
[SourceVersion "1"]
[SourceVersionDate "2005.04.11"]
[SourceQuality "1"]

1. e4 c5 2. Nf3 d6 3. d4 cxd4 4. Nxd4 Nf6 5. Nc3 a6 6. f3 Qb6 7. Nb3 e6 8. Bf4
$5 {Unusual introduction to the development of the queenside, but the move is
certainly sound.} (8. g4) (8. Qe2) 8... Nbd7 (8... Be7 9. Qd2 O-O 10. O-O-O Rd8
11. g4 Nfd7 12. Bxd6 Ne5 13. Nd5 exd5 14. Bxe7 Re8 15. Bc5 Qf6 16. f4 Nxg4 17.
h3 Qh6 18. e5 Qh4 19. Bb5 axb5 20. hxg4 Qd8 21. f5 {1-0 Feuerstack,
A-Magalashvili,D/Chalkidiki 2003/ (42)}) 9. g4 Be7 10. Qe2 (10. Qd2 Ne5 11. Be2
O-O 12. O-O-O Qc7 $13) 10... h6 11. h4 Qc7 12. O-O-O b5 13. a3 {Anand is
willing to slow down advance of the black's b pawn since his knight has no
good squares for the retreat.} Rb8 14. Qg2 Nc5 (14... b4 {or} 15. axb4 Rxb4 16.
g5 Nh5 17. Bd2 Nc5 $11) (14... Ne5 {Nc4}) 15. g5 Nh5 16. Be3 Na4 $6 {
Ponomariov clearly understands the necessity to create some counterplay, but
it might have been more promissing to try the advance of the b pawn.} (16...
Nxb3+ $5 17. cxb3 b4 18. axb4 Rxb4 19. Bc4 Qc6 (19... d5 20. exd5 Nf4 21. Qc2
$14) 20. Qd2 a5 21. gxh6 gxh6 22. Kb1 Ba6 $13) 17. Rd3 $1 g6 18. Kb1 (18. gxh6
Nc5 19. Nxc5 dxc5 20. Qh2 Qxh2 21. Rxh2 Bf8 22. Rhd2 Bb7 $13) 18... Bb7 19. Be2
e5 20. Qf2 Bc6 $6 {This moves was heavily criticized in the post mortem, but
Anand's suggestion 20...Nc5 is not much better.} (20... Nc5 21. Nxc5 dxc5 22.
Rhd1 b4 23. axb4 cxb4 24. Nd5 Bxd5 25. Rxd5 $16) 21. gxh6 $1 (21. Nd5 Bxd5 22.
Rxd5 Nb6 23. Rdd1 Nc4 24. Bc1 $14) 21... Nb6 22. f4 $1 {Important strategical
moment, the timely f3-f4 is gaining great popularity in many lines of the
English attack. The opening of the position comes at undesirable moment for
black.} (22. Nd5 Bxd5 23. exd5 Na4 $1 24. f4 $1 Nxf4 25. Bxf4 exf4 26. Qxf4 $16
) 22... Nf6 $6 (22... exf4 23. Bxf4 Nxf4 24. Qxf4 Nc4 25. Nd5 Bxd5 26. exd5 Ne5
{White has prepared a small surprise for his opponent, he seriously
contemplated sacrifice of the exchange. Black king would become unsafe
anywhere on the board.} (26... Bf8 27. h5 Bxh6 28. Qf6) 27. Nd4 $3 Nxd3 28.
Bxd3 $16) 23. fxe5 dxe5 24. Rf1 O-O 25. Nc5 $1 Bb7 {[%mdl 2048] A modest
retreat and an admission, that black pieces are poorly coordinated.} (25... Qa7
26. Rd6 $3 Nc4 27. Bxc4 bxc4 28. Rxf6 $18) 26. Ne6 $1 fxe6 27. Bxb6 Qc6 28. Qg1
$1 Kh7 29. Rdf3 {Ponomariov's position has fallen apart, his survival chances
are negligable.} Qe8 (29... Rbc8 30. h5 $18) 30. Bc5 Bxc5 (30... Nd7 31. Rxf8
Nxf8 32. Qg3 Nd7 33. Bxe7 Qxe7 34. Qg5 $18) 31. Qxc5 Nd7 32. Qe3 Qe7 33. Qg5
Qxg5 34. Rf7+ $1 Rxf7 (34... Kxh6 35. hxg5+ Kxg5 36. Rg1+ Kh6 37. Rxd7 $18) 35.
Rxf7+ Kh8 36. hxg5 {There is not a slightest doubt that endgame is lost for
black. Anand shows his patient side a realizes his advantage mit maximum
security-rather slowly.} Bc6 37. b4 Nf8 38. Rf6 Kg8 39. Bg4 Bd7 40. Kb2 Re8 41.
Nd1 Re7 42. Nf2 Be8 43. Rf3 (43. Nd3 $5 Nh7 44. Nxe5 Nxf6 (44... Nxg5 45. Nxg6
$18) 45. gxf6 Rh7 46. Bxe6+ Kf8 47. f7 Rxh6 48. fxe8=Q+ Kxe8 49. Bf7+ Ke7 50.
Bxg6 Ke6 51. Nd3 $18) 43... Rf7 (43... Nh7 44. Nh3 Bc6 45. Re3 $18) 44. Rxf7
Kxf7 45. Kc3 Nh7 46. Nh3 Bc6 47. Kd3 Ke7 48. Ke3 Kd6 49. Be2 Ke7 50. Bd3 Kd6
51. Kf3 Ke7 52. Kg4 Nf8 53. Ng1 Nh7 54. Nf3 Kd6 55. Kg3 Be8 56. Kf2 Bc6 57. Ke3
Bd7 58. c4 $1 {At long last white's extra pawn is marching forward and
breaking the resistance.} bxc4 59. Bxc4 Bc8 (59... Bb5 60. Bd3 Kc7 61. Nxe5
Nxg5 62. Nxg6 $18) 60. a4 Bb7 61. a5 Bc8 62. Bd3 1-0

[Event "Moscow Aeroflot op-A"]
[Site "Moscow"]
[Date "2005.02.16"]
[Round "2"]
[White "Ponomariov, Ruslan"]
[Black "Galkin, Alexander"]
[Result "1/2-1/2"]
[WhiteElo "2700"]
[BlackElo "2593"]
[Annotator "Huzman,A"]
[PlyCount "63"]
[EventDate "2005.02.15"]
[EventType "swiss"]
[EventRounds "9"]
[EventCountry "RUS"]
[SourceTitle "CBM 106"]
[Source "ChessBase"]
[SourceDate "2005.06.06"]
[SourceVersion "1"]
[SourceVersionDate "2005.06.06"]
[SourceQuality "1"]

1. e4 (1. d4 d5 2. c4 dxc4 {El gambito de dama aceptado fue la defensa
escogida por Anand en las tres partidas en que tuvo las negras. Visto el
resultado hay que aplaudir su elección ya que solo en esta ocasión conseguí
inquietarle. Debo reconocer que mi preparación teórica para este match no
estuvo a la altura de las circunstancias pero tenía una interesante idea para
esta última partida.} 3. Nf3 Nf6 4. e3 e6 5. Bxc4 c5 6. O-O a6 7. Bb3 {Esta
línea apareció invariablemente a lo largo del encuentro. Mi entrenador, el GM
Roberto Cifuentes tenía interesantes ideas para mejorar el juego de las
blancas en las variantes principales.} Nc6 {Al igual que en el resto de
partidas Anand prefiere evitar la lucha teórica directa y enfoca la partida
desde un punto de vista estratégico donde su mayor conocimiento del tipo de
posiciones con peón aislado pueda prevalecer.} 8. Nc3 {En la primera partida
que disputé con blancas jugué 8.Qe2 pero no obtuve una posición satisfactoria.}
cxd4 9. exd4 Be7 10. Re1 O-O {*} 11. Bf4 Na5 12. Bc2 b5 {Este resulta ser el
mejor método para desarrollar el alfil de b7; el peón en b5 también puede ser
útil en un futuro para hostigar al caballo blanco de c3 mediante el avance
b5-b4} 13. d5 $1 {Un interesante sacrificio de peón cuyas consecuencias no
quedan claras tras esta partida aunque promete una indudable compensación a
las blancas. Lo cierto es que a estas alturas del encuentro yo había
comprendido que en esta variante, tras la jugada 7.Bb3, las negras obtienen
una cómoda posición si consiguen desarrollar a tiempo el flanco de dama. Por
ello había preparado esta entrega; las blancas abren el juego en un momento
muy oportuno, con el alfil negro todavía en c8 y el caballo algo descolocado
en a5} exd5 (13... Nxd5 {era la otra posibilidad para aceptar el peón. Tras la
lógica captura} 14. Nxd5 exd5 {desaparece el mejor defensor del enroque negro
y en mi opinión el ataque de las blancas compensa sobradamente la pequeña
desventaja material. Futuras partidas pueden confirmar o desmentir este
extremo.} 15. Rc1 $1 $44 {[%cal Gc2h7,Rf4c7]}) 14. Qd3 (14. Nd4 $5 {era otra
interesante posibilidad, de corte más estratégico. La excelente ubicación de
las piezas blancas parece suficiente a cambio del peón de menos.} Bg4 15. Qd3
$40) (14. Bg5 Nc6 15. Bxf6 Bxf6 16. Nxd5 g6 17. Nxf6+ Qxf6 18. Be4 Bf5 19. Bxc6
Qxc6 {1/2-1/2 Yevseev,D-Yakovich,Y/Samara 2000/CBM 78 (19)}) 14... g6 $1 {
Necesaria para contarrestar la fuerza del tándem Bc2-Qd3. Las debilidades
surgidas en torno al enroque son sin duda graves pero no había más remedio.} (
14... Nc6 15. Bc7 $1 Qd7 16. Ne5 Nxe5 17. Bxe5 g6 18. a4 (18. Bxf6 Bxf6 19.
Nxd5 Bg7 20. a4 bxa4 21. Bxa4 Qd8 $11 {1/2-1/2 Kasparov,G-Anand,V/Wijk aan Zee
A sp 1999/[Poldauf] (22)}) 18... Bb7 (18... Qd8 19. axb5 Bf5) 19. axb5 axb5 20.
Qxb5 Qxb5 21. Nxb5 Rxa1 22. Rxa1 Rc8 23. Bd3 Nd7 24. Bc3 Nc5 25. Bf1 Ba6 26.
Nd4 {1/2-1/2 Kramnik,V-Anand,V/Mainz 2001/CBM 84/[Huzman] (26)}) 15. Rxe7 $6 {
Un sacrificio un tanto precipitado. La verdad es que la noche anterior,
mientras alternábamos con un grupo de amigos, entre ellos varios GM y MI,
estuvimos analizando las consecuencias del avance 12.d5 y llegamos incluso a
considerar este sacrificio de calidad. Análisis posteriores parecieron
demostrar las bondades del mismo, pero Anand se encargó de demostrar que las
negras tienen suficientes recursos defensivos e incluso mejores posibilidades
tras la jugada textual.} (15. Bg5 {hubiera sido mejor y tras} Be6 16. Nd4 $44 {
las blancas tienen buena compensación por el peón.}) 15... Qxe7 16. Bg5 {
La continuación lógica. Las blancas plantean ahora amenazas decisivas, pero
Anand, con gran sangre fría, conseguirá rechazarlas.} Qd6 $1 $17 {0-1 Illescas
Cordoba,M-Anand,V/Leon 1997/CBM 60/[Illescas Cordoba] (16) Las negras
comprenden a tiempo que su mejor defensa pasa necesariamente por deshacer la
clavada sobre su caballo.}) 1... c6 2. d4 d5 3. exd5 cxd5 4. c4 Nf6 5. Nc3 e6
6. Nf3 Be7 7. cxd5 Nxd5 8. Bc4 Nc6 9. O-O O-O 10. Re1 a6 11. Bb3 Nf6 12. Bf4 (
12. a3 Na5 (12... b5 13. d5 exd5 14. Nxd5 Ra7 15. Be3 Rd7 16. Nxe7+ Nxe7 17.
Qc2 Bb7 18. Ne5 $16 {1-0 Farago,I-Pachman,L/Baden-Baden 1985/MCL (26)}) 13. Bc2
b5 14. Qd3 Bb7 15. Bg5 g6 16. Ne5 Rc8 17. Qh3 Qd6 18. Qh4 Nd5 19. Nxd5 $2 (19.
Ne4 $142) 19... Bxg5 20. Qxg5 Bxd5 $15 {0-1 Bruno,E-Devcic,M/Buenos Aires 1994/
EXT 97 (27)}) (12. Be3 Nb4 13. Ne5 Bd7 14. Qf3 Bc6 15. Nxc6 bxc6 16. Red1 Nbd5
17. Rac1 $14 {1/2-1/2 Korneev,O-Gipslis,A/Cattolica 1992/EXT 98 (46)}) 12...
Na5 13. Bc2 b5 14. d5 exd5 15. Qd3 Nc6 16. Bc7 Qd7 17. Ne5 Nxe5 18. Bxe5 g6 19.
Qf3 (19. Rad1 Bb7 20. Qf3 Qg4 21. Qxg4 Nxg4 22. Bd4 Bf6 $11) 19... Qg4 $1 {
Black gives the extra pawn but equalizes the game.} 20. Nxd5 Nxd5 21. Qxd5 Be6
$11 22. Qe4 (22. Qb7 Bc5 23. h3 Qc4 24. Bb3 Qh4 25. Qf3 Bxb3 26. axb3 Rfe8 $11)
22... Qxe4 23. Bxe4 Ra7 (23... Rad8 24. a4 b4) 24. a4 bxa4 25. Rxa4 Bb3 26.
Raa1 (26. Rd4 Bc5 27. Rd3 Re7 $11) 26... Rd8 27. Bc3 Bc4 $1 (27... f6 28. Bf3
Kf7 29. Be2 Rd6 30. Ra5 $14 {[%csl Ra6]}) 28. Bc6 Rd6 29. Bf3 Bb5 30. Re5 Rad7
31. Rae1 Bf6 32. Re8+ (32. Re8+ Kg7 33. Bb4 Rd8 $11) 1/2-1/2